Music Quiz

Random Music or Missing Word Quiz

50 Hits to Click: 2007 Quiz Stats

 Plays Quiz Updated Jun 29, 2019

Score 0/50 Timer 06:00
59 Plays Today
% Correct
Cry
89.8%
There
87.3%
Me
79.1%
Girls
78%
Cheats
77.7%
Blame
75.2%
World
75.2%
Done
74.4%
Crank
74%
Party
72.5%
Time
71.9%
Push
71.7%
Drop
67%
Sweet
66.7%
Beautiful
65.9%
Arms
64.5%
Black
63.9%
Drank
63.7%
Cared
60.5%
Gloss
59.9%
Tonight
59.6%
Wonder
58.9%
Hate
58.6%
Fly
55.4%
Scene
55.4%
% Correct
Over
55%
Chokehold
54.7%
Rain
54.5%
Hot
54.3%
Hand
53.5%
Breakup
50.8%
Nice
49.6%
Night
49.5%
Sexy
44.3%
With
44.3%
Money
43.6%
Throw
43%
Never
42.6%
Walk
41.8%
Summer
40.8%
Big
39.4%
Good
39.4%
Flirt
37.8%
Ice
34.5%
Love
33.3%
Hood
27.3%
Boy
25.5%
Wait
24.3%
Dollar
15.4%
Now
12.9%

You're not logged in!

Compare scores with friends on all Sporcle quizzes.
OR
Log In

Show Comments

Extras

Top Quizzes Today


Score Distribution

Your Account Isn't Verified!

In order to create a playlist on Sporcle, you need to verify the email address you used during registration. Go to your Sporcle Settings to finish the process.

Report this User

Report this user for behavior that violates our Community Guidelines.

Details: